| 000 | 00513nam a2200217Ia 4500 | ||
|---|---|---|---|
| 008 | 170918s9999 xx 000 0 und d | ||
| 020 | _a9780545057493 | ||
| 050 | _bC367 2011 | ||
| 100 | _aCatrow, David | ||
| 245 | _aMax Spaniel : | ||
| 245 | _bbest in show / | ||
| 245 | _cDavid Catrow. | ||
| 260 | _aNew York : | ||
| 260 | _bScholastic, | ||
| 260 | _c2011 | ||
| 300 | _aunpaged : | ||
| 300 | _bcolored illustration ; | ||
| 300 | _c23cm. | ||
| 440 | _aScholastic reader level 1. | ||
| 500 | _a240 | ||
| 999 |
_c342544 _d342544 |
||